Statistics for Juventus FC Squad 2020-2021

Click here to take the quiz!

General Stats

  • This quiz has been taken 143 times
    (114 since last reset)
  • The average score is 21 of 27

Answer Stats

#PositionNationPlayer% Correct
7FWPortugalCristiano Ronaldo
97%
3DFItalyGiorgio Chiellini
97%
19DFItalyLeonardo Bonucci
96%
4DFNetherlandsMatthijs de Ligt
96%
10FWArgentinaPaulo Dybala
96%
12DFBrazilAlex Sandro
93%
8MFWalesAaron Ramsey
92%
9FWSpainÁlvaro Morata
92%
16DFColombiaJuan Cuadrado
92%
14MFUnited StatesWeston McKennie
89%
6MFGermanySami Khedira
86%
25MFFranceAdrien Rabiot
84%
1GKPolandWojciech Szczęsny
84%
13DFBrazilDanilo
83%
22FWItalyFederico Chiesa
83%
30MFUruguayRodrigo Bentancur
82%
5MFBrazilArthur Melo
80%
44FWSwedenDejan Kulusevski
80%
-CoachItalyAndrea Pirlo
79%
28DFTurkeyMerih Demiral
79%
77GKItalyGianluigi Buffon
78%
33FWItalyFederico Bernardeschi
67%
31GKItalyCarlo Pinsoglio
66%
37DFRomaniaRadu Drăguşin
42%
41MFItalyNicolò Fagioli
32%
38DFItalyGianluca Frabotta
30%
39MFItalyManolo Portanova
8%

Score Distribution

Percentile by Number Answered

Percent of People with Each Score

Your Score History

You have not taken this quiz since the last reset